000 00895 a2200229 4500
003 Nust
005 20221115125751.0
010 _a 90062227
020 _a007058267X
035 _a(OCoLC)22957322
040 _cNust
082 _a512.15,SMA
100 1 _aSmall, Donald B.
_9102644
245 1 0 _aExplorations in calculus with a computer algebra system /
_cDonald B. Small, John M. Hosack.
260 _aNew York :
_bMcGraw-Hill,
_c[1990]
300 _a226 p. :
_bill. ;
_c24 cm.
440 0 _aChurchill-Brown series
_910428
440 0 _aInternational series in pure and applied mathematics
_98908
505 _aIntroduction (Page-1), Functions (Page-21), Differentiation (Page-81), Integration (Page-123), Series (Page-155), Functions of Several Variables (Page-183), Computer Algebra Systems (Page-201).
650 0 _aAlgebra
_xData processing.
_995723
942 _2ddc
_cBK
_k512.15,SMA
999 _c181941
_d181941